000 00590nam a22001937a 4500
003 OSt
005 20240722083835.0
008 240719b |||||||| |||| 00| 0 eng d
020 _a978-621-427-01877
040 _aDWC- Main Lib
_cOC
082 _aFil. 126 A712u 2019
100 _aAriola, Mariano A.
245 _aUnderstanding the self/
_cMariano A. Ariola.
260 _a Manila, Philippines :
_bUnlimited Books Library Services & Publishing,
_cc2019.
300 _aviii , 285 pages :
_billustrations ;
_c25cm.
650 _a1. Identity
650 _a2. Self
942 _2ddc
_cBK - FIL
_n1
999 _c2432
_d2432